000 00689nam a2200205Ia 4500
003 GCL
008 140319s9999 xx 000 0 ara d
040 _aGCL /
_cGCL
082 0 4 _a245.8
_bم م
100 1 _aمحمد العريبى
245 1 0 _aالمنطلقات الفكرية عند الامام الفخر الرازى /
_cمحمد العريبى
260 _aبيروت :
_bدار الفكر اللبنانى ،
_c1992
300 _a191 ص ؛
_c24 سم
490 _aسلسلة علم الكلام
_v0
650 0 4 _aالفرق الاسلامية
650 0 4 _aالامامة
650 0 4 _aعلم الكلام
650 0 4 _aعلم الكلام - مذاهب
942 _2ddc
_cBK
999 _c4971
_d4971